Baudelaire y la presidenta

Na minha lista:
Detalhes bibliográficos
Autor principal: Porché, Francois
Formato: Livro
Idioma:Undetermined
Publicado em: Buenos Aires, Argentina Argos 1947
Assuntos:
Tags: Adicionar Tag
Sem tags, seja o primeiro a adicionar uma tag!

MARC

LEADER 00000nam a2200000Ia 4500
008 170316s9999 xx 000 0 und d
040 |a cru BVZT 
090 |a 840 P-16b 
100 |a Porché, Francois  |9 927 
245 |a Baudelaire y la presidenta 
260 |a Buenos Aires, Argentina 
260 |b Argos 
260 |c 1947 
300 |a 203 páginas 
650 |a LITERATURA FRANCESA  |9 109 
999 |c 7883  |d 7883 
942 |c 15 D  |h 840 P-16b  |2 z